One Piece Islands - Statistics

General Stats
  • This quiz has been taken 36 times
  • The average score is 23 of 77
Answer Stats
Answer % Correct
Sandy Island
74%
Fish-Man Island
71%
Black Drum Island
65%
Wano
65%
Dressrosa
61%
Gecko Island
58%
Whole Cake Island
58%
Little Garden
55%
Organ Island
55%
Polestar Island
55%
Sakura Island
55%
Water 7
55%
Dawn Island
52%
Egghead Island
48%
Marineford
48%
Punk Hazard
48%
Zou
48%
Afternoon Island
45%
Jaya
45%
Impel Down
42%
Long Ring Long Land
42%
Skypiea
42%
Thriller Bark
42%
Nyogashima Island
39%
Cactus Island
35%
Elbaf
35%
Goat Island
35%
Laugh Tale
35%
Banaro Island
32%
Foodten Island
32%
Fullaleek Island
32%
Karakuri Island
32%
Karate Island
32%
Kumate Island
32%
Kuraigana Island
32%
Kyuka Island
32%
Lodestar Island
32%
Minion Island
32%
Mirror Ball Island
32%
Momoiro Island
32%
Mystoria Island
32%
Namakura Island
32%
Oykot Island
32%
Raijin Island
32%
Risky Red Island
32%
Rubeck Island
32%
Rusukaina Island
32%
Sabaody Archipelago
32%
Sixis Island
32%
Swallow Island
32%
Torino Island
32%
Conomi Island
29%
Green Bit
23%
Yotsuba Island
23%
Island of Rare Animals
19%
Shimotsuki Village
13%
Kano
10%
Ohara
10%
Tequilla Wolf
10%
Baterilla
6%
Flevance
6%
Germa Kingdom
6%
Mary Geoise
6%
Applenine Kingdom
3%
Boin Archipelago
3%
Doerena Kingdom
3%
Mogaro Kingdom
3%
Prodence Kingdom
3%
Pucci
3%
San Faldo
3%
St. Poplar
3%
Centaurea
0%
Las Camp
0%
Roccas
0%
Sphinx
0%
Spider Miles
0%
Toroa
0%
No matching quizzes found
Score Distribution
Percent of People with Each Score
Percentile by Number Answered
Your Score History
You have not taken this quiz